All The Small Things Lyrics - Statistics

General Stats
  • This quiz has been taken 4,649 times
    4,639 since last reset
  • The average score is 19 of 24
Answer Stats
Hint Answer % Correct
All the _____ ______ small things
100%
Always _ ____ I know
94%
Work sucks _ ____ I know
94%
Carry __ ____ me home
92%
Carry __ ____ me home
92%
I will ___ __ not go
91%
I will ___ __ not go
91%
Turn the ______ ___ lights off
90%
Turn the ______ ___ lights off
90%
Watching, _______ waiting
90%
Say it ___'_ __ ain't so
88%
Say it ___'_ __ ain't so
88%
You'll be __ __ ____ at my show
86%
She left me _____ __ ___ ______ roses by the stairs
82%
Surprises ___ __ ____ ___ ____ let me know she cares
79%
Late night ____ ____ come home
77%
True care _____ _______ truth brings
71%
Keep your ____ _____ head still
61%
_____________ Commiserating
59%
I'll be ____ ______ your thrill
58%
The night ____ __ __ will go on
56%
Your ride ____ ____ best trip
54%
My little ________ windmill
45%
I'll take ___ ____ one lift
43%
No matching quizzes found
Score Distribution
Percent of People with Each Score
Percentile by Number Answered
Your Score History
You have not taken this quiz since the last reset